000 00794nam a22002777a 4500
003 CHAP
005 20220329140213.0
008 971013s1952 r 00010 d
010 _a48512
011 _a49484
035 _a53633
040 _cCHAP
082 _a630.97285
_bF3
110 _aFAO. Misión a Nicaragua
_939628
245 _aInforme
260 _aRoma :
_bFAO,
_c1952
300 _a223 p.
_b: ilus.
590 _aBATCH-UPD
_b10
_c20130110
_lUCH01
_h1006
590 _aBATCH-UPD
_b10
_c20130410
_lUCH01
_h0616
590 _aCONVERSION
_b10
_c20130109
_lUCH01
_h1326
650 1 4 _aAgricultura
_xAspectos economicos
_xNicaragua.
_91276
650 1 4 _aAgricultura
_xNicaragua.
_91750
901 _aBK
942 _cLIBRO
949 _a630.97285 F3
_bBC
_cFAO
_d-118810
_eFAO1
_h20439
_i53633
_si
999 _c48512
_d48512